History Quiz

Random History Quiz

Monarchs of Hungary Quiz Stats

 Plays Quiz not verified by Sporcle

Score 0/56 Timer 12:00
0 Plays Today
Reigned Monarchs % Correct
997-1038 ADStephen I
79.9%
1308-1342 ADCharles I
78.6%
1385-1386 ADCharles II
77.9%
1711-1740 ADCharles III
76.6%
895-907 ADArpad
75.9%
1116-1131 ADStephen II
75.6%
1060-1063 ADBela I
74.9%
1916-1918 ADCharles IV
74.9%
1162-1172 ADStephen III
74.6%
1131-1141 AD Bela II
71.6%
1342-1382 ADLouis I
71.6%
1526-1564 ADFerdinand I
71.6%
1619-1637 ADFerdinand II
70.9%
1235-1270 AD Bela IV
70.2%
1172-1196 ADBela III
69.9%
1637-1657 ADFerdinand III
69.9%
1516-1526 ADLouis II
69.6%
1705-1711 ADJoseph I
66.9%
1780-1790 ADJoseph II
66.9%
1077-1095 AD Ladislaus I
66.2%
972-997 ADGeza I
65.9%
1792-1805 ADFrancis
64.5%
1046-1060 ADAndrew I
63.5%
1740-1780 ADMaria
63.5%
1204-1205 ADLadislaus III
63.2%
1270-1272 ADStephen V
62.5%
1205-1235 ADAndrew II
61.9%
1074-1077 ADGeza II
61.5%
Reigned Monarchs % Correct
1290-1301 ADAndrew III
61.2%
1272-1290 ADLadislaus IV
60.9%
1458-1490 ADMatthias I
60.9%
1657-1705 ADLeopold I
60.9%
1038-1041 ADPeter
60.5%
1044-1046 ADPeter
60.5%
1790-1792 ADLeopold II
60.2%
1141-1162 ADGeza III
57.9%
1440-1457 ADLadislaus V
56.9%
1608-1619 ADMatthias II
56.2%
1386-1437 ADSigismund
55.9%
1835-1848 ADFerdinand V
55.5%
1305-1307 ADOtto
54.5%
1848-1916 ADFranz-Joseph I
54.5%
1564-1576 ADMaximilian
53.8%
1063-1074 ADSolomon
52.2%
1576-1608 ADRudolph
49.5%
1382-1385 ADMary
48.8%
1041-1044 ADSamuel
48.2%
1437-1439 ADAlbert
47.5%
850-895 ADAlmos
46.8%
1095-1116 ADColoman
45.8%
1196-1204 ADEmeric
44.5%
1301-1305 ADWenceslaus
43.8%
1490-1516 ADVladislaus II
41.5%
907-950 ADZoltan
39.8%
955-972 ADTaksony
35.1%
950-955 ADFajsz
30.8%

You're not logged in!

Compare scores with friends on all Sporcle quizzes.
OR
Log In

Show Comments

Extras

Created Mar 16, 2014ReportNominate
Tags:dynasty, hungary, monarch, reigned

Top Quizzes Today


Score Distribution

Your Account Isn't Verified!

In order to create a playlist on Sporcle, you need to verify the email address you used during registration. Go to your Sporcle Settings to finish the process.

Report this User

Report this user for behavior that violates our Community Guidelines.

Details: